|
|
|
|
| LEADER |
01396nam a2200385Ia 4500 |
| 001 |
EBC887971 |
| 003 |
MiAaPQ |
| 005 |
20200520144314.0 |
| 006 |
m o d | |
| 007 |
cr cn||||||||| |
| 008 |
120222s2012 cau sb 001 0 eng d |
| 010 |
|
|
|z 2012007604
|
| 020 |
|
|
|z 9780804763516
|
| 020 |
|
|
|z 9780804763523
|
| 020 |
|
|
|z 9780804782227
|
| 035 |
|
|
|a (MiAaPQ)EBC887971
|
| 035 |
|
|
|a (Au-PeEL)EBL887971
|
| 035 |
|
|
|a (CaPaEBR)ebr10553329
|
| 035 |
|
|
|a (OCoLC)785811684
|
| 040 |
|
|
|a MiAaPQ
|c MiAaPQ
|d MiAaPQ
|
| 050 |
|
4 |
|a K3240
|b .S2655 2012
|
| 082 |
0 |
4 |
|a 332.1/532
|2 23
|
| 100 |
1 |
|
|a Sarfaty, Galit A.,
|d 1978-
|
| 245 |
1 |
0 |
|a Values in translation
|h [electronic resource] :
|b human rights and the culture of the World Bank /
|c Galit A. Sarfaty.
|
| 260 |
|
|
|a Stanford, California :
|b Stanford University Press,
|c 2012.
|
| 300 |
|
|
|a xiv, 195 p.
|
| 490 |
1 |
|
|a Stanford studies in human rights
|
| 504 |
|
|
|a Includes bibliographical references and index.
|
| 533 |
|
|
|a Electronic reproduction. Ann Arbor, MI : ProQuest, 2015. Available via World Wide Web. Access may be limited to ProQuest affiliated libraries.
|
| 610 |
2 |
0 |
|a World Bank.
|
| 650 |
|
0 |
|a Human rights.
|
| 655 |
|
4 |
|a Electronic books.
|
| 710 |
2 |
|
|a ProQuest (Firm)
|
| 830 |
|
0 |
|a Stanford studies in human rights.
|
| 856 |
4 |
0 |
|u https://ebookcentral.proquest.com/lib/matrademy/detail.action?docID=887971
|z Click to View
|